Visualizzazione normale
Vista MARC
- Abela R.
di Personal Name
Records bibliografici associati: 1
001 - CONTROL NUMBER
- control field: 24955
003 - CONTROL NUMBER IDENTIFIER
- control field: IT-RoPau
005 - DATE AND TIME OF LATEST TRANSACTION
- control field: 20140514152129.0
008 - FIXED-LENGTH DATA ELEMENTS
- fixed length control field: 140514|| aca||aabn | a|a d
040 ## - CATALOGING SOURCE
- Original cataloging agency: IT-RoPau
- Transcribing agency: IT-RoPau
100 ## - HEADING--PERSONAL NAME
- Personal name: Abela R.
- Miscellaneous information: Codice autore musica SPICS: 23060
- Relator term: Autore musica
- Name of part/section of a work: Poesie
670 ## - SOURCE DATA FOUND
- Source citation: Work cat.: (IT-RoPau)99569: AA.VV. 794, Edyta Geppert (Lp Arston Apl 006)